[Event "Roncana op-C 8th"]
[Site "Santa Eulalia de Roncana"]
[Date "2014.11.01"]
[Round "3"]
[White "Krasic Moreno, Nikola"]
[Black "Vallejo Ferreira, Enric"]
[Result "0-1"]
[WhiteElo "1700"]
[BlackElo "1700"]
[PlyCount "26"]
[EventDate "2014.10.11"]
[EventType "swiss"]
[EventRounds "8"]
[EventCountry "ESP"]
[SourceTitle "EXT 2016"]
[Source "ChessBase"]
[SourceDate "2015.10.08"]
[SourceVersion "1"]
[SourceVersionDate "2015.10.08"]
[SourceQuality "1"]

1. e4 e5 2. Nf3 Nc6 3. Bc4 Nf6 4. Ng5 Rg8 5. Nxf7 Qe7 6. Nxe5 Nxe4 7. Nxc6 Qc5 8. 0-0 Qg5 9. d3 Qh4 10. Bxg8 Bd6 11. g3 Nxg3 12. Qe2+ Nxe2+ 13. Kh1 Qxh2# 0-1